02442nam a2200289 a 450000100060000000300090000600800410001504000280005608200150008410000320009924500690013126000510020030000210025150000320027250510630030459001140136765000350148165000360151665000490155265000350160165000250163694200120166199900170167395201540169095201540184495201540199822575CO-ViMGA141112s2004 ck r 000 u spa d aCO-ViMGAbspacCO-ViMGA04a371.3 C6561 aHernández, Mariela93210110aCómo enseñar con las nuevas tecnologias en la escuela de hoy aBuenos Aires : bCultura Internacional, c2004 a3 V + 1 CD - ROM aVol. y núm. : 3 +CD - ROM aVolumen 1 : El cótel tecnológico : Que es la tecnologia, Ciencia, tecnica, tecnología, educación y sociedad, diferencias entre ciencia y tecnologia, tecnologia y cultura, como aprovechar los beneficios tecnólogicos, La tecnologia y la sociedad, la tecnologia y sus olas, la educación tecnologica en la escuela, el campo de la tecnologia educativa, materiales y recursos didacticos 1 - 130 - - VOLUMEN 2 : Educación y medios de comunicación, la escuela a la defensiva, necesidad de una educación en medios, la alfabetizacion en medios, imagenes de radio, caracteristicas de la comunicacion radial, la radio como instrumento educativo, el formato radiofonico, actividades segun las tareas rradiofonicas, radioteatro 130 - 214 - - VOLUMEN 3 : La sociedad de la informacion, la globalizacion, que se entiende por nuevas tecnologias, nuevas tecnologias y la cultura y la educación , modas tecnologicas y educación, nuevas tecnologia y gestion del conocimiento, que es la web?, que es el internet?, que es el web - mail?, el chat? 258 - 336  aForma de adquisición : Compra - - Precio : 199.000 - - Proveedor : Dismet - - Fecha de adquisición : 200814aBIOGRAFIAS DE PEDAGOGOS93210214aeducación POR INTERNET93210314aENSEÑANZA CON AYUDA DE COMPUTADORES91742114aINNOVACIONES EDUCATIVAS95564214aTECNOLOGIA EDUCATIVA 2ddccBK c30876d30876 00102ddc40708003aMEVIECARbMEVIECARd2015-12-04hVolumen. 1 | 01/nov/2013l0o371.3 C656 p22575 - 1r2015-12-04 00:00:00tEj. 1w2015-12-04yBK 00102ddc40708003aMEVIECARbMEVIECARd2015-12-04hVolumen. 2 | 01/nov/2013l0o371.3 C656 p22575 - 2r2015-12-04 00:00:00tEj. 1w2015-12-04yBK 00102ddc40708003aMEVIECARbMEVIECARd2015-12-04hVolumen. 3 | 11/jun/2009l0o371.3 C656 p22575 - 3r2015-12-04 00:00:00tEj. 1w2015-12-04yBK